000 00815nam a2200241 i 4500
001 176494
003 ES-MaACL
005 20230906220112.0
008 110119s1960 sp a |||| | cat d
080 _a946.71"18/19"
245 0 3 _aLa renaixença, avui /
_cMiquel Arimany ... [et al.].
260 _aSarrià (Barcelona) :
_bEditorial Franciscana,
_c1960.
300 _a158 p. :
_bil. ;
_c18 cm.
490 1 _aCritèrion. Col·lecció Ideològica ;
_v3
504 _aBibliografía: p. 153-158.
546 _aTexto en catalán.
651 4 _aCataluña-
_xCultura-
_yS.XIX.
_9144801
651 4 _aCataluña-
_xCultura-
_yS.XX.
_98027
700 1 _aArimany, Miquel.
_922832
830 0 _aCritèrion. Col·lecció Ideològica ;
_v3
_9190094
852 _aES-MaACL
_jE-14096
_xOlim P-735
999 _c176494
_d176494